• 首页
  • 本馆介绍
  • 公告通知
  • 最新文献
  • 馆藏检索
  • 电子资源
  • 读者导购
  • 参考咨询
  • 我的图书馆
  • 登录
  • 详细信息显示
  • 放入我的书架
  • 预约/预借图书
  • 作者相关作品
  • 分类相关作品
  • 丛书相关作品
  • 出版社相关作品

书目信息

  • 表格格式
  • 工作单格式
  • 卡片格式
题名:
最强小孩
    
 
作者: ;最强小孩栏目组 编著
分册:  
出版信息: 北京   西苑出版社  2016.01
页数: 19,202页
开本: 24cm
丛书名:
单 册:
中图分类: B848.2
科图分类:
主题词: 少年儿童--生存能力--能力培养
电子资源:
ISBN: 978-7-5151-0521-5
000 00986nam0 2200253 450
001 0120161760437
005 20160512144641.10
010    @a978-7-5151-0521-5@dCNY36.80
100    @a20160121d2016 em y0chiy50 ea
101 0  @achi
102    @aCN@b110000
105    @aaf z 000yy
106    @ar
200 1  @a最强小孩@9zui qiang xiao hai@e挫折教育,年轻父母的教养圣经@f《最强小孩》栏目组编著
210    @a北京@c西苑出版社@d2016.01
215    @a19,202页@c图,照片@d24cm
330    @a《最强小孩》是由国内首档大型少儿自立生存挑战真人秀节目。本书通过《最强小孩》这档国内少儿独立生存真人秀的关注,从中观察、提炼和关注最为普通的孩子内心的矛盾与成长。
333    @a家庭父母
517 1  @a挫折教育,年轻父母的教养圣经@9cuo zhe jiao yu , nian qing fu mu de jiao yang sheng jing
606 0  @a少年儿童@x生存能力@x能力培养
690    @aB848.2@v5
711 02 @a最强小孩栏目组@9zui qiang xiao hai lan mu zu@4编著
801  0 @aCN@b人天书店@c20160121
905    @b875896-901@dB848.2@e1312@f6
    
    最强小孩:挫折教育,年轻父母的教养圣经/《最强小孩》栏目组编著.-北京:西苑出版社,2016.01
    19,202页:图,照片;24cm
    使用对象:家庭父母
    
    ISBN 978-7-5151-0521-5:CNY36.80
    《最强小孩》是由国内首档大型少儿自立生存挑战真人秀节目。本书通过《最强小孩》这档国内少儿独立生存真人秀的关注,从中观察、提炼和关注最为普通的孩子内心的矛盾与成长。
●
相关链接 在E读中查询图书 在五车中查询图书 在当当中查询图书 在豆瓣中查询图书


正题名:最强小孩     索取号:B848.2/1312         预约/预借

序号 登录号 条形码 馆藏地/架位号 状态 备注
1 875896   208758968   第一样本阅览室/ [索取号:B848.2/1312] 在馆    
2 875897   208758977   教育系资料室/ [索取号:B848.2/1312] 在馆    
3 875898   208758986   教育系资料室/ [索取号:B848.2/1312] 在馆    
4 875899   208758995   教育系资料室/ [索取号:B848.2/1312] 在馆    
5 875900   208759002   第一借阅区/ [索取号:B848.2/1312] 在馆    
6 875901   208759011   第一借阅区/ [索取号:B848.2/1312] 在馆    
唐山师范学院图书馆 欢迎您!
大连网信软件有限公司© 版权所有